Statistiken für Einmal über Österreichs Grenzen geschaut!

Klicken Sie hier um das Quiz zu spielen!

Allgemein

  • Dieses Quiz wurde 77 mal gespielt
  • Das Durchschnittsergebnis liegt bei 5 aus 10

Antwortstatistiken

FrageAntwort% Korrekt
Am Bodensee grenzt Österreich an Deutschland. Die beiden Grenzstädte Bregenz und Lindau sind gut vernetzt. Welches Verkehrsmittel verkehrt nicht zwischen den beiden Städten?Flugzeug
82%
Wen man von Österreich via Villach nach Italien fährt kommt man gleich nach der Grenze in diese kleine 4000 Einwohner*innen- Stadt, die immer schon vom Grenz-Comerz geprägt war. Wie heißt sie?Tarvis
67%
Wie heißt der Grenzfluß zwischen Südmähren und Niederösterreich?Thaya / Diye
66%
Es gibt nur drei Strassenübergänge von Nordtirol nach Südtirol. Wie heißen diese?Reschenpass, Timmeljoch und Brenner
58%
Gleich hinter der östlichen Grenze Österreichs liegt Bratislava, zu deutsch Preßburg. Die Stadt gehörte auch lange zu Ungarn. Wie heißt Bratislava auf ungarisch?Pozsony
55%
Wenn man von Salzburg der Salzach & der Grenze nach Norden entlang radelt, sieht man nach gut 50 km am anderen Ufer die weltlängste Burg. Wie heißt sie?Burghausen
51%
Kommt man von Wien über den Grenzübergang Drasenhofen nach Tschechien so steht man gleich in der südmährischen Stadt Nikolsburg, bekannt für ihren tollen Kalvarienberg. Wie heißt diese nette Stadt auf tschechisch?Mikulov
48%
Bei Lavamünd grenzt Kärnten an Slowenien. Wie heißt der Grenzfluß dort?Drau
46%
Von Wien ist es weiter nach Salzburg als nach Budapest. Wie weit es es mit dem Auto vom Wiener Karlsplatz zur Budapester Elisabethbücke?244 km
39%
Im Westen grenzt Österreich an die Schweiz. Nur der Rhein trennt sie. Wieviele Brücken verbinden diese beiden Länder?10
21%

Verteilung der Resultate

Perzentil nach korrekt beantworteten Fragen

Anzahl Personen mit jedem Resultat

Ihre Resultats-Entwicklung

Sie haben dieses Quiz noch nicht gespielt